Logo BPK

Biblioteka

Politechniki Koszalińskiej

Boundary element methods in mechanics. (Rekord nr 28837)

Szczegóły MARC
000 -ETYKIETA REKORDU
podpole kontrolne o stałej długości 00504nam a2200157 i 4500
001 - NUMER KONTROLNY REKORDU
pole kontrolne bg
040 ## - ŹRÓDŁO KATALOGOWANIA
Instytucja, która utworzyła rekord BPK
041 ## - KOD JĘZYKA
Kod języka tekstu pol
080 ## - UNIWERSALNA KLASYFIKACJA DZIESIĘTNA - UKD
UKD 531/534:539.3/.6:519.63
008 - POLE O STAŁEJ DŁUGOŚCI - DANE KONTROLNE
podpole kontrolne o stałej długości s pl f |000 0 pol
245 #0 - TYTUŁ/ODPOWIEDZIALNOŚĆ
Tytuł Boundary element methods in mechanics.
260 ## - STREFA ADRESU WYDAWNICZEGO
Miejsce wydania Amsterdam,
Data publikacji, dystrybucji/powstania dokumentu 1987.
490 1# - STREFA SERII I DOKUMENTU WIELOCZĘŚCIOWEGO - FORMA NIE DO WYSZUKIWANIA
Tytuł i oznaczenie odpowiedzialności serii Mechanics and Mathematical Methods. Computational Methods in Mechanics ;
Numeracja w obrębie serii Vol.3
830 #0 - HASŁO DODATKOWE SERII LUB DOKUMENTU WIELOCZĘŚCIOWEGO - TYTUŁ UJEDNOLICONY
Tytuł ujednolicony Mechanics and Mathematical Methods.
Nazwa części/sekcji dzieła Computational Methods in Mechanics ;
Oznaczenie tomu Vol.3
856 ## - LOKALIZACJA I DOSTĘP DO ELEKTRONICZNYCH DOKUMENTÓW ZDALNYCH
Link (URL) http://koha.tu.koszalin.pl/cgi-bin/koha/opac-detail.pl?biblionumber=28837
Tekst linku Katalog online BPK
942 ## - DODATKOWE ELEMENTY (KOHA)
Typ dokumentu Książka
Egzemplarze
Wycofany Status egzemplarza Uszkodzony Dostępność Lokalizacja stała Lokalizacja bieżąca Miejsce przechowywania Sygnatura Kod kreskowy Typ dokumentu
      Dostępny Biblioteka Politechniki Koszalińskiej Biblioteka Politechniki Koszalińskiej Wypożyczalnia BG 34755 01174793 Książka
© 2023 Biblioteka Politechniki Koszalińskiej :: KOHA